00314nam a2200121Ia 4500008004100000082001800041100001400059245005900073250000800132260002800140300000800168650001600176191201s2011 xx 000 0 und d a620.0042bDEF aDESAI,Y.M 0aFinite Element Method with Applications in Engineering aIMP aN. DelhibPearsonc2011 a470 aM.Tech (ME)